Sports Quiz

Random Sports or MLB Quiz

Baseball HoF-1st/Last Teams-1983-present Quiz Stats

Quiz not verified by Sporcle

Challenge
Share
Tweet
Embed
Score 0/14 Timer 05:00
0 Plays Today
% Correct
Seattle Mariners-Seattle Mariners (1989-2010)
97.2%
Cincinnati Reds (1986-2004)
96.6%
Minnesota Twins (1984-95)
96.1%
Texas Rangers-Washington Nationals (1991-2011)
95.5%
Chicago White Sox-Oakland Athletics (1990-2008)
95%
Chicago Cubs-Los Angeles Dodgers (1986-2008)
94.4%
Atlanta Braves-Atlanta Braves (1987-2008)
92.7%
% Correct
Houston Astros (1988-2007)
92.2%
San Diego Padres-Chicago White Sox (1988-2004)
91.1%
Los Angeles Dodgers-Oakland Athletics (1992-2008)
89.4%
Houston Astros (1991-2005)
89.4%
Montreal Expos-San Francisco Giants (1988-2009)
87.7%
Atlanta Braves-St Louis Cardinals (1988-99, 2001-09)
81.6%
Los Angeles Dodgers-Philadelphia Phillies (1992-2009)
78.2%

You're not logged in!

Compare scores with friends on all Sporcle quizzes.
Join for Free
OR
Log In

You Might Also Like...

Show Comments

Extras

Top Quizzes Today


Score Distribution

Your Account Isn't Verified!

In order to create a playlist on Sporcle, you need to verify the email address you used during registration. Go to your Sporcle Settings to finish the process.

Report this User

Report this user for behavior that violates our Community Guidelines.

Details: